000 00538nam a22001695i 4500
001 54599
003 ES-MaACL
007 t|
008 960724s1872 sp ||||1| spa d
040 _aCAM
_bspa
_cCAM
100 0 _aFrontaura, Carlos,
_d1834-1910
_952739
245 1 3 _aLa maldita vanidad
_b: cuento de salón /
_cCarlos Frontaura.
260 _aMadrid :
_b[s.n.],
_c1872 (
_fImprenta, fundición y estereptipia de Juan Aguado)
300 _a284, [4] p. ;
_c18 cm.
852 _aES-MaACL
_jG-10952(1)
999 _c54599
_d54599